Statistical evaluation of measurement errors : design and analysis of reliability studies /

Bibliographic Details
Main Author: Dunn, G. (Graham), 1949-
Format: Book
Language:English
Published: London : Arnold ; 2004.
Edition:2nd ed.
Subjects:

MARC

Tag First Indicator Second Indicator Subfields
LEADER 00000cam a22000008a 4500
001 in00002019513
005 20151031162208.0
008 031017s2004 enka b 001 0 eng
015 |a GBA3-T5564 
020 |a 0340760702 
035 |a (OCoLC)ocm53709364 
040 |a UKM  |c UKM  |d CUS  |d TXA  |d UtOrBLW 
049 |a TXAM 
082 0 4 |a 530.8015195  |2 21 
090 |a QA275  |b .D87 2004 
100 1 |a Dunn, G.  |q (Graham),  |d 1949- 
245 1 0 |a Statistical evaluation of measurement errors :  |b design and analysis of reliability studies /  |c Graham Dunn. 
246 3 0 |a Design and analysis of reliability studies 
250 |a 2nd ed. 
264 1 |a London :  |b Arnold ;  |c 2004. 
264 2 |a New York :  |b Distributed in the United States of America by Oxford University Press, 
300 |a vi, 216 pages :  |b illustrations ;  |c 24 cm. 
336 |a text  |b txt  |2 rdacontent 
337 |a unmediated  |b n  |2 rdamedia 
338 |a volume  |b nc  |2 rdacarrier 
500 |a Previous edition published as: Design and analysis of reliability studies. London : Arnold, 1989. 
504 |a Includes bibliographical references (pages [192]-212) and index. 
650 0 |a Error analysis (Mathematics) 
650 0 |a Measurement. 
700 1 |a Dunn, G.  |q (Graham),  |d 1949-  |t Design and analysis of reliability studies. 
948 |a cataloged  |b h  |c 2005/1/12  |d c  |e ceaton  |f 1:37:30 pm 
994 |a C0  |b TXA 
999 |a MARS 
999 f f |s 9df1e9bd-c609-342c-b422-6de9e0e95764  |i 99cb8ee8-4ac8-3c89-a154-2771f8769a23  |t 0 
952 f f |p normal  |a Texas A&M University  |b College Station  |c Sterling C. Evans Library  |d Evans: Library Stacks  |t 0  |e QA275 .D87 2004  |h Library of Congress classification  |i unmediated -- volume  |m A14831730287 
998 f f |a QA275 .D87 2004  |t 0  |l Evans: Library Stacks